00455nam a2200121Ia 4500008004100000245014500041260004500186260000900231300000800240500001000248650001300258856006200271170516s9999 xx 000 0 und d aDetermination of azithromycin in raw materials and pharmaceutical formulations by HPLC coupled with an evaporative light scattering detector bAsian Journal of Pharmaceutical Sciences c2014 a9:2 aApril xPharmacy uhttp://www.sciencedirect.com/science/journal/18180876/9/2